000 01005am a2200325a 44500
003 AR-BaBNM
005 20251128210456.0
008 020020s1999 #AR|||||||||||000 | spa||
020 _a987-97838-0-8
040 _cAR-BaBNM
245 1 0 _aEstado Argentino
_btransformación de las relaciones laborales : convenio colectivo de trabajo : 1999-2000
260 _aBuenos Aires
_bFundación Unión
_bUniversidad Nacional de Tres de Febrero
_c1999
300 _a336 p.
_bgráfs., tablas
504 _aContiene bibliografía para consultar
650 4 _aHISTORIA ARGENTINA
650 4 _aHISTORIA DEL TRABAJO
650 4 _aSINDICATOS
650 4 _aTRABAJADORES
650 4 _aCONDICIONES DE TRABAJO
650 4 _aLEGISLACION DEL TRABAJO
650 4 _aDERECHO LABORAL
650 4 _aCONFLICTO LABORAL
650 4 _aHUELGA
650 4 _aSECTOR PUBLICO
650 4 _aADMINISTRACION
650 4 _aREFORMA ADMINISTRATIVA
700 1 _aRial, Noemí
_ecompilador
942 _cBK
998 _cMariana
999 _c15591
_d15591